Análisis de un planificador multi-coordinador basado en modelos de redes de Petri /

Guardado en:
Bibliografiske detaljer
Hovedforfatter: Lingow Marroquín, Juan Eduardo (autor)
Format: Tesis Bog
Sprog:spansk
Fag:
Tags: Tilføj Tag
Ingen Tags, Vær først til at tagge denne postø!

MARC

LEADER 00000nam^a2200000^a^4500
001 000365622
005 20250521000000.0
009 20260310115647.976
037 |a Acervo ITESO - Biblioteca 
041 |a ESP 
090 |a MSC. 2 
100 |a Lingow Marroquín, Juan Eduardo  |e (autor) 
245 1 0 |a Análisis de un planificador multi-coordinador basado en modelos de redes de Petri /  |c J.E. Lingow Marroquín. 
264 |a Guadalajara, México :  |b edición de autor,  |c 2015 
300 |a 1 disco compacto de computadora 
336 |a datos para computadora  |b cod  |2 rdacontenido 
337 |a computadora  |b c  |2 rdamedio 
338 |a disco de computadora  |b cd  |2 rdasoporte 
502 |a ITESO Tesis de Maestría en Sistemas Computacionales 
649 |a XX 
650 |a Proceso Electrónico de Datos 
650 |a Bases de Datos -  |x Administración -  |x Tema Principal 
650 |a Paquetes (Software) 
650 |a Sistemas de Información 
650 |a Redes de Petri 
650 |a Redes (Matemáticas) 
650 |a Programación (Software) 
650 |a Ingeniería Computacional 
910 |a Fondo General 
920 |a Electrónicos - Tesis del ITESO en Disco 
905 |a 202 
901 |a 0500259828  |b IT2  |c STS  |i D75827  |u 20250521 
902 |a https://opac.biblio.iteso.mx/vufind/Record/000365622